Countries that Have Been to Mars - Statistics

General Stats
  • This quiz has been taken 36 times
  • The average score is 4 of 5
Answer Stats
First
Mission
Answer % Correct
1971 United States
100%
2020 China
91%
2013 India
78%
1971 Soviet Union
78%
2020 United Arab Emirates
19%
No matching quizzes found
Score Distribution
Percent of People with Each Score
Percentile by Number Answered
Your Score History
You have not taken this quiz